Seven ways at once : more classroom strategies and units of work based on the seven intelligences : B.3 /

This is a series of three practical teacher references based on Howard Gardner's concept that all of us have seven intelligences, not just one.

Uloženo v:
Podrobná bibliografie
Hlavní autor: McGrath, Helen.
Další autoři: Noble, Toni.
Médium: Kniha
Jazyk:English
Vydáno: Melbourne : Longman, 1998.
Témata:
Tagy: Přidat tag
Žádné tagy, Buďte první, kdo otaguje tento záznam!
Thư viện lưu trữ: Mạng thư viện Đại học Đà Nẵng
LEADER 01328cam a2200433 i 4500
001 000047964
003 7660
005 20030310105453.0
008 010326|1998 vm 000 eng
020 |a 0582809363 
040 |a IRC  |c IRC  |d IRC 
041 0 |a eng 
082 1 4 |a 372.01  |b MC-H 
100 1 |a McGrath, Helen. 
245 0 0 |a Seven ways at once :  |b more classroom strategies and units of work based on the seven intelligences :  |n B.3 /  |c Helen McGrath and Toni Noble. 
260 |a Melbourne :  |b Longman,  |c 1998. 
300 |a 191 p. :  |b ill. ;  |c 27cm. 
520 3 |a This is a series of three practical teacher references based on Howard Gardner's concept that all of us have seven intelligences, not just one. 
630 0 4 |a Education. 
630 0 4 |a Cognition. 
630 0 4 |a Psychology. 
630 0 4 |a Educational psychology. 
630 0 4 |a Ability grouping. 
650 0 4 |a Learning, Psychology of. 
650 0 4 |a Educational psychology. 
650 0 4 |a Cognition. 
650 0 4 |a Ability grouping in education. 
650 0 4 |a Education, Primary. 
700 1 |a Noble, Toni. 
OWN |a DUT 
999 |a From the UDN01 
TYP |a Monograph 
TYP |a Printed language 
980 |a Mạng thư viện Đại học Đà Nẵng